[Event "Collado Villalba 64 op 9th"]
[Site "Collado Villalba"]
[Date "2024.08.04"]
[Round "3"]
[White "Morgado Manzanedo, Antonio"]
[Black "Laveda Ayllon, Jose David"]
[Result "0-1"]
[WhiteElo "1837"]
[BlackElo "1810"]
[PlyCount "36"]
[EventDate "2024.08.03"]
[EventType "swiss"]
[EventRounds "9"]
[EventCountry "ESP"]
[SourceTitle "EXT 2025"]
[Source "ChessBase"]
[SourceDate "2024.10.14"]
[SourceVersion "1"]
[SourceVersionDate "2024.10.14"]
[SourceQuality "1"]

1. e4 e6 2. d4 d5 3. exd5 exd5 4. Bf4 Bd6 5. Bxd6 Qxd6 6. Bd3 Qb4+ 7. Nd2 Qxb2 8. Ngf3 Nf6 9. Qe2+ Be6 10. 0-0 0-0 11. Rab1 Qxa2 12. Rxb7 c5 13. dxc5 Nc6 14. Nb3 a5 15. Ne5 Nb4 16. Ra1 Qb2 17. Rxa5 Rxa5 18. Nxa5 Qa1+ 0-1

[Event "Collado Villalba op-A 32nd"]
[Site "Collado Villalba"]
[Date "2015.08.25"]
[Round "4"]
[White "Cabrera Jimenez, Julio"]
[Black "Laveda Ayllon, Jose David"]
[Result "1/2-1/2"]
[WhiteElo "1801"]
[BlackElo "1695"]
[PlyCount "77"]
[EventDate "2015.08.22"]
[EventType "swiss"]
[EventRounds "9"]
[EventCountry "ESP"]
[SourceTitle "EXT 2016"]
[Source "ChessBase"]
[SourceDate "2015.10.08"]
[SourceVersion "1"]
[SourceVersionDate "2015.10.08"]
[SourceQuality "1"]

1. e4 d5 2. exd5 Qxd5 3. Nc3 Qa5 4. d4 Nf6 5. Bd3 c6 6. Nf3 Bg4 7. h3 Bh5 8. g4 Bg6 9. Ne5 e6 10. a3 Qc7 11. Bf4 Bd6 12. Qd2 Nbd7 13. Bxg6 hxg6 14. Nxd7 Bxf4 15. Nxf6+ gxf6 16. Qd3 f5 17. Qf3 0-0-0 18. Ne2 fxg4 19. Qxf4 Qxf4 20. Nxf4 Rxd4 21. Nd3 g5 22. 0-0-0 gxh3 23. Ne5 Rxd1+ 24. Kxd1 f6 25. Nc4 Rh4 26. Ne3 g4 27. Ke2 f5 28. Nf1 f4 29. Kd3 e5 30. c3 Kd7 31. Rg1 Ke6 32. Ke2 Kf5 33. Nh2 e4 34. b3 a5 35. c4 c5 36. Kd2 b6 37. Ke2 Kg5 38. Kd2 Kf5 39. Ke2 1/2-1/2

[Event "Collado Villalba op 30th"]
[Site "Collado Villalba"]
[Date "2013.08.24"]
[Round "2"]
[White "Laveda Ayllon, Jose David"]
[Black "Rincon Carrillo, Ricardo"]
[Result "0-1"]
[WhiteElo "1757"]
[BlackElo "1956"]
[PlyCount "68"]
[EventDate "2013.08.23"]
[EventType "swiss"]
[EventRounds "9"]
[EventCountry "ESP"]
[SourceTitle "CBM 156 Extra"]
[Source "ChessBase"]
[SourceDate "2013.10.22"]
[SourceVersion "1"]
[SourceVersionDate "2013.10.22"]
[SourceQuality "1"]

1. d4 Nf6 2. c4 g6 3. Nc3 Bg7 4. e4 d6 5. Bg5 h6 6. Bh4 0-0 7. f4 c5 8. d5 Qa5 9. Qc2 Nxe4 10. Qxe4 Bxc3+ 11. bxc3 Qxc3+ 12. Kf2 Qxa1 13. Qxe7 Qd4+ 14. Kg3 g5 15. fxg5 Qg4+ 16. Kf2 Qxh4+ 17. g3 Qd4+ 18. Kg2 Qd2+ 19. Be2 Qxg5 20. Qxd6 Re8 21. Qxc5 Na6 22. Qd4 Bf5 23. h4 Qg7 24. Qf4 Be4+ 25. Bf3 Nc5 26. g4 Bxf3+ 27. Nxf3 Re4 28. Qc7 Rxg4+ 29. Kh3 Ne4 30. Ng5 Rg3+ 31. Qxg3 Nxg3 32. Rg1 hxg5 33. Rxg3 f6 34. c5 Qd7+ 0-1

[Event "Galapagar op 10th"]
[Site "Galapagar"]
[Date "2009.07.18"]
[Round "1"]
[White "Collado Barbas, Alberto"]
[Black "Laveda Ayllon, Jose David"]
[Result "1-0"]
[WhiteElo "1986"]
[BlackElo "1800"]
[PlyCount "77"]
[EventDate "2009.07.18"]
[EventType "swiss"]
[EventRounds "9"]
[EventCountry "ESP"]
[SourceTitle "EXT 2010"]
[Source "ChessBase"]
[SourceDate "2010.11.25"]
[SourceVersion "1"]
[SourceVersionDate "2010.11.25"]
[SourceQuality "1"]

1. d4 Nf6 2. c4 g6 3. Nc3 Bg7 4. Nf3 0-0 5. e4 d6 6. Be3 Bg4 7. Be2 c6 8. Nd2 Bxe2 9. Qxe2 e5 10. d5 cxd5 11. cxd5 a6 12. 0-0 Nbd7 13. a4 Rc8 14. a5 Nc5 15. f3 b5 16. axb6 Qxb6 17. Na4 Qb5 18. Qxb5 axb5 19. Nxc5 dxc5 20. Ra5 Nd7 21. Rxb5 Rb8 22. Rxb8 Rxb8 23. b3 f5 24. Rc1 Rb5 25. Ra1 f4 26. Bf2 Kf7 27. Ra7 Ke8 28. Kf1 g5 29. Ke2 Bf8 30. Kd3 Rb8 31. Kc2 h5 32. Nc4 Rc8 33. Be1 Rb8 34. Ba5 g4 35. Bc7 Rc8 36. Bxe5 Nxe5 37. Nxe5 Bd6 38. Nc4 Bb8 39. Rh7 1-0